书目信息 |
| 题名: |
富豪接班人
|
|
| 作者: | 欧阳逸飞 编著 | |
| 分册: | ||
| 出版信息: | 哈尔滨 北方文艺出版社 2005.06 |
|
| 页数: | 384页 | |
| 开本: | 23cm | |
| 丛书名: | ||
| 单 册: | ||
| 中图分类: | K825.38 | |
| 科图分类: | ||
| 主题词: | 企业家--传记--中国 | |
| 电子资源: | ||
| ISBN: | 7-5317-1798-0 | |
| 000 | 00557nam0 2200193 450 | |
| 001 | 0632335015 | |
| 005 | 20061009153024.90 | |
| 010 | @a7-5317-1798-0@dCNY 39.80 | |
| 100 | @a20060902d2005 km y0chiy0120 ea | |
| 101 | 0 | @achi |
| 102 | @aCN@b230000 | |
| 200 | 1 | @a富豪接班人@Afu hao jie ban ren@f欧阳逸飞编著@Fou yang yi fei bian zhu |
| 210 | @a哈尔滨@c北方文艺出版社@d2005.06 | |
| 215 | @a384页@d23cm | |
| 606 | 0 | @a企业家@x传记@x中国 |
| 690 | @aK825.38@v4 | |
| 701 | 0 | @a欧阳逸飞@Aou yang yi fei@4编著 |
| 801 | @aCN@c20061009 | |
| 905 | @a10447@dK825.38@eO591 | |
| 富豪接班人/欧阳逸飞编著.-哈尔滨:北方文艺出版社,2005.06 |
| 384页;23cm |
| ISBN 7-5317-1798-0:CNY 39.80 |
| ● |
| 相关链接 |
|
|
|
正题名:富豪接班人
索取号:K825.38/O591
 
预约/预借
| 序号 | 登录号 | 条形码 | 馆藏地/架位号 | 状态 | 备注 |
| 1 | 610816 | 206108166 | 社科库309/309社科库 48排7列2层/ [索取号:K825.38/O591] | 在馆 | |
| 2 | 610817 | 206108175 | 社科库309/ [索取号:K825.38/O591] | 在馆 | |
| 3 | 610818 | 206108184 | 社科库309/309社科库 48排7列2层/ [索取号:K825.38/O591] | 在馆 |